[Event "Shanghai COITCT 2019"]
[Site "Shanghai"]
[Date "2019.09.15"]
[Round "3.2"]
[White "Kabilov, Amin"]
[Black "Darini, Pouria"]
[Result "0-1"]
[WhiteElo "2199"]
[BlackElo "2428"]
[Annotator "TA"]
[PlyCount "96"]
[EventDate "2019.09.15"]
[EventType "team-tourn"]
[EventCountry "CHN"]
[SourceTitle "playchess.com"]
[Source "ChessBase"]
[SourceQuality "1"]

{[%evp 21,182,21,24,-8,-4,-12,4,-29,-25,-83,-77,-76,-75,-84,-19,-12,-25,-22,-16,-78,-37,-68,-59,-48,0,-55,-47,-189,-176,-209,-217,-207,-207,-212,-207,-204,-205,-211,-193,-212,-213,-224,-182,-316,-316,-337,-326,-308,-308,-602,-612,-622,-623,-630,-624,-609,-626,-589,-585,-669,-662,-638,-648,-806,-792,-1079,-1060,-822,-822,-822,-822,-822,-822,-822,-821,-822,-821,-822,-822,-821,-821,-821,-821,-821,-821,-806,-806,-795,0,-795,-795,-747,-247,-247,-236,-236,-236,-236,-236,-236,-216,-216,-216,-224,-216,-216,-216,-216,-216,-216,-216,-216,-216,-216,-216,-216,-216,-216,-216,-216,-216,-192,-192,-192,-192,-192,-106,-106,-106,-106,-106,-106,-106,-106,-106,-106,-106,-29956,-29957,-29959,-29961,-29962,-29962,-29951,-29959,-29952,-29960,-29968,-29968,-11974,-4622,-29984,-29985,-29985,-29986,-29986,-29987,-29987,-29988,-29988,-29989,-29989,-29990]} 1. d4 Nf6 2. c4 g6 3. Nc3 d5 4. cxd5 Nxd5 5. e4 Nxc3 6. bxc3 Bg7 7. Be3 c5 8. Nf3 Qa5 9. Qd2 O-O 10. Rc1 Rd8 11. d5 e6 12. c4 {D85: Exchange Grünfeld: Unusual White 7th moves and lines with 7 Nf3} (12. Bg5 {with more complications.} f6 13. c4 Qa4 14. Be3 Na6 15. Be2) (12. Bg5 f6 13. Be3 Nc6 14. h4 exd5 15. exd5 Bg4 16. Be2 c4 17. Bxc4 Bxf3 18. gxf3 Ne5 19. Be2 Qxd5 20. Qxd5+ Rxd5 {½-½ (40) Akobian,V (2625)-So,W (2762) Saint Louis 2019}) 12... Qxd2+ 13. Nxd2 Na6 14. g3 {The position is equal.} b6 15. Bd3 $146 (15. Nb1 $11) ({Predecessor:} 15. Nb1 Bb2 16. Rc2 Bd4 17. Bxd4 cxd4 18. Nd2 Nc5 19. f3 e5 {0-1 (51) Trifonova,S (1957)-Savova,S (2165) Plovdiv 2008}) 15... Nb4 $17 16. Bb1 exd5 17. exd5 {[#]} Bh3 (17... Bf5 $1 $17 18. Bxf5 gxf5) 18. Ke2 $11 Bb2 19. Rcd1 Re8 20. Nf3 (20. Rde1 $11 {remains equal.}) 20... Bd7 21. Nd2 Ba4 $36 {[%mdl 2048] Black is pushing.} 22. Nb3 b5 {[%cal Bb6b5,Bb5c4,Bc4c3,Bc3b2][%mdl 32]} 23. Rd2 ({Better is} 23. d6 $11) 23... bxc4 24. Nxc5 {[#]} (24. Rxb2 $15 cxb3 25. axb3 Bb5+ 26. Kf3) 24... Bb5 $1 $19 25. Rxb2 c3+ {[%mdl 64] Discovered Attack} 26. Bd3 Bxd3+ 27. Nxd3 cxb2 28. Nxb4 Rab8 29. a3 a5 30. Rb1 {Threatens to win with Nc6.} axb4 {[%mdl 4096] Endgame KRR-KRB} 31. a4 Red8 32. Rxb2 (32. a5 $142) 32... Rxd5 33. Bd2 b3 34. a5 Rd4 35. Bc3 $2 (35. h4) 35... Re8+ 36. Kf1 Rd1+ 37. Kg2 Rd3 38. Bb4 Re4 39. Bc5 {Now a6 and White clings on.} Ra4 40. Bb6 Ra2 41. Rb1 f6 42. h4 h5 43. Kh2 Kf7 44. Kg2 b2 45. a6 Rd6 46. Bc5 Rdxa6 47. Bd4 R2a4 48. Bxb2 Rb6 {Played: Ra4-b4} 0-1

[Event "Shanghai COITCT 2019"]
[Site "Shanghai"]
[Date "2019.09.15"]
[Round "3.3"]
[White "Gholami, Aryan"]
[Black "Antonova, Nadezhda"]
[Result "1-0"]
[WhiteElo "2542"]
[BlackElo "1930"]
[Annotator "RC"]
[PlyCount "65"]
[EventDate "2019.09.15"]
[EventType "team-tourn"]
[EventCountry "CHN"]
[SourceTitle "playchess.com"]
[Source "ChessBase"]
[SourceQuality "1"]
[TimeControl "1500+10"]

1. Nf3 {[%emt 0:00:00]} Nf6 {[%emt 0:00:06]} 2. g3 {[%emt 0:00:02]} b6 {[%emt 0:00:11]} 3. Bg2 {[%emt 0:00:01]} Bb7 {[%emt 0:00:01]} 4. O-O {[%emt 0:00:03]} c5 {[%emt 0:00:23]} 5. c4 {[%emt 0:00:05]} e6 {[%emt 0:00:14]} 6. Nc3 {[%emt 0:00:01]} d5 {[%emt 0:00:40]} 7. cxd5 {[%emt 0:00:36]} Nxd5 {[%emt 0:00:57]} 8. d4 {[%emt 0:03:40]} Be7 {[%emt 0:03:51]} 9. dxc5 {[%emt 0:00:21]} Nxc3 {[%emt 0:02:09]} 10. Qxd8+ {[%emt 0:00:27]} Bxd8 {[%emt 0:01:00]} 11. bxc3 {[%emt 0:00:02]} bxc5 {[%emt 0:00:05]} 12. Bf4 {[%emt 0:02:18]} Nd7 {[%emt 0:11:33]} 13. Rfd1 {[%emt 0:00:09]} Bc6 {[%emt 0:01:16]} 14. Bd6 {[%emt 0:01:49]} Rc8 {[%emt 0:01:19]} 15. Nd2 {[%emt 0:03:23]} Be7 {[%emt 0:01:29]} 16. Nc4 {[%emt 0:00:21]} Bxg2 {[%emt 0:01:13]} 17. Kxg2 {[%emt 0:00:02]} Nb6 {[%emt 0:00:06]} 18. Na5 {[%emt 0:00:34]} Nd5 {[%emt 0:00:34]} 19. c4 {[%emt 0:00:39]} Nc3 {[%emt 0:00:44]} 20. Rd3 {[%emt 0:00:43]} Bxd6 {[%emt 0:00:13]} 21. Rxd6 {[%emt 0:00:04]} Nxe2 {[%emt 0:00:12]} 22. Rb1 {[%emt 0:00:16]} O-O {[%emt 0:00:12]} 23. Rb7 {[%emt 0:00:02]} Nc3 {[%emt 0:00:04]} 24. Ra6 {[%emt 0:02:05]} Nxa2 {[%emt 0:00:13]} 25. Nc6 {[%emt 0:00:45]} Nb4 {[%emt 0:00:11]} 26. Ne7+ {[%emt 0:00:02]} Kh8 {[%emt 0:00:02]} 27. Raxa7 {[%emt 0:00:15]} Nc6 {[%emt 0:00:20]} 28. Nxc8 {[%emt 0:00:04]} Rxc8 {[%emt 0:00:02]} 29. Ra6 {[%emt 0:00:30]} Ne5 {[%emt 0:00:18]} 30. Rc7 {[%emt 0:00:06]} Rb8 {[%emt 0:00:10]} 31. Rxc5 {[%emt 0:00:07]} Nd3 {[%emt 0:00:06]} 32. Rc7 {[%emt 0:00:08]} Rf8 {[%emt 0:00:15]} 33. Rxf7 {[%emt 0:00:06]} 1-0

[Event "Shanghai COITCT 2019"]
[Site "Shanghai"]
[Date "2019.09.15"]
[Round "3.4"]
[White "Venkatesh, M.R."]
[Black "Kovalev, Vladislav"]
[Result "1/2-1/2"]
[WhiteElo "2481"]
[BlackElo "2661"]
[Annotator "TA"]
[PlyCount "70"]
[EventDate "2019.09.15"]
[EventType "team-tourn"]
[EventCountry "CHN"]
[SourceTitle "playchess.com"]
[Source "ChessBase"]
[SourceQuality "1"]

{[%evp 18,70,25,1,10,-15,-12,-16,-8,-30,-16,-11,-6,-20,0,-5,0,-16,-7,0,0,-6,47,47,70,64,110,10,131,125,102,105,239,47,46,58,42,42,42,42,50,58,42,46,50,39,66,42,36,8,9,9,9,0,0]} 1. Nf3 Nf6 2. g3 d5 3. Bg2 e6 4. O-O b6 5. c4 Bb7 6. b3 Be7 7. Bb2 dxc4 8. bxc4 c5 9. d3 O-O 10. Nbd2 Qc7 {A14: English Opening: 1...e6 with b3 by White} (10... Nc6 11. Ne5 Qc7 12. Ndf3 Nxe5 13. Bxe5 Qd7 14. a4 Qc8 15. a5 Nd7 16. Bc3 Bc6 17. Qc2 Bf6 18. Bxf6 Nxf6 {½-½ (30) So,W (2815)-Carlsen,M (2832) chess.com INT 2017}) 11. Qc2 Nc6 12. Rac1 $146 ({Predecessor:} 12. Bc3 Rfd8 13. Qb2 Rac8 14. Nb3 Ne8 15. Rab1 Ba8 16. Ne5 Bf6 17. Nxc6 Bxc6 18. Bxf6 Nxf6 19. Bxc6 Qxc6 {1-0 (43) Estrada Lavin,C (2116)-Suarez,P (2077) Asuncion 2019}) 12... Rfd8 13. Rfd1 Ne8 14. Ne4 Rac8 15. Qb1 Nd6 (15... Nd4 {is more complex.} 16. Re1 Rd7 17. Ned2 Rcd8 18. Qa1 Nf6) 16. Nxd6 Bxd6 17. Qa1 Bf8 18. e3 a6 19. Qb1 Ba8 (19... f6 $11) 20. d4 $14 cxd4 21. exd4 Qe7 22. Bc3 (22. h4 $16) 22... b5 (22... Nb8 $11 {keeps the balance.}) 23. d5 $16 ({But not} 23. cxb5 $6 axb5 24. Qxb5 Qa3 $11) 23... exd5 24. cxd5 {Black must now prevent Re1.} Nb4 {[#]} (24... b4 $16 {is a better defense.}) 25. Re1 $2 ({Only move:} 25. d6 $1 $18 {[%cal Rd6e7]} Rxd6 26. Re1 (26. Rxd6 Qxd6 27. Ng5 Qd3 $15) 26... Rxc3 27. Rxc3) 25... Qd6 $1 $14 26. Ng5 {[%csl Gg5][%cal Rb1h7]} Qg6 {And now ...Qxb1 would win.} 27. Bxb4 Rxc1 28. Rxc1 $40 {[%mdl 128] White mounts an attack.} Bxb4 29. Qxb4 Qxg5 30. Rd1 h5 31. h4 Qg4 32. Rd4 Qg6 33. d6 {[#] Threatens to win with Bxa8.} Bxg2 {The position is equal.} 34. Kxg2 {next Qa3 is good for White.} Qc2 $1 35. a3 g6 {Accuracy: White = 35%, Black = 34%.} 1/2-1/2

[Event "Shanghai COITCT 2019"]
[Site "Shanghai"]
[Date "2019.09.15"]
[Round "3.5"]
[White "Zhigalko, Sergei"]
[Black "Krishna C R G"]
[Result "1-0"]
[WhiteElo "2574"]
[BlackElo "2446"]
[Annotator "TA"]
[PlyCount "105"]
[EventDate "2019.09.15"]
[EventType "team-tourn"]
[EventCountry "CHN"]
[SourceTitle "playchess.com"]
[Source "ChessBase"]
[SourceQuality "1"]

{[%evp 17,105,0,0,0,0,0,0,0,0,0,0,0,15,0,0,-20,-27,-30,-16,-39,-10,-23,-17,-42,0,-13,0,0,12,6,12,12,12,12,14,0,56,83,153,166,274,256,258,261,261,264,245,247,221,235,379,375,466,237,223,227,230,225,235,214,203,192,182,150,180,141,172,118,234,217,336,336,562,560,549,522,577,565,851,847,807,795,1200,975,1229,1107,1070,1182,760,681]} 1. e4 e6 2. d4 d5 3. e5 c5 4. c3 Nc6 5. Nf3 Qb6 6. a3 Nh6 7. b4 cxd4 8. cxd4 Nf5 9. Be3 f6 10. exf6 $1 {C02: French: Advance Variation} gxf6 11. Bd3 Nxe3 (11... Nfxd4 $2 12. Nxd4 Qc7 13. Nd2 $18) 12. fxe3 {The position is equal.} Bh6 13. Qe2 $1 Bd7 (13... O-O 14. Nc3 Bd7 15. Na4 Qd8 16. Nc5 b6 17. Nxd7 Qxd7 18. O-O {1-0 (51) Zhigalko,S (2671)-Svane,R (2555) Doha 2016}) 14. O-O $146 ({Predecessor:} 14. Nc3 Ne7 15. O-O {½-½ (56) Krapivin,A (2432)-Matveeva,S (2502) Moscow 2004}) 14... O-O 15. Nc3 Ne7 {[%cal Bc6e7,Be7g6,Bg6f4][%mdl 32]} 16. Rae1 Rac8 17. Nd1 Bg7 18. Kh1 a5 19. b5 Qd6 20. Qb2 Ng6 21. Nc3 e5 22. e4 Nf4 23. Bb1 $1 exd4 24. Nxd5 Nxd5 25. exd5 f5 26. Rd1 Qb6 (26... Rc3 $11) 27. a4 $14 Rc4 (27... Kh8 $142) 28. Qa2 $36 {[%mdl 2048] Black is under strong pressure.} Qc5 (28... Rcc8 $142 29. Ng5 Kh8) 29. Bd3 Rc3 {[#]} 30. d6+ $1 Kh8 31. Ng5 {Hoping for Nf7+.} h6 32. Ne6 Bxe6 33. Qxe6 {[%cal Rd3f5]} Rd8 (33... Qe5 $142 34. Qd7 (34. Bxf5 Qxe6 35. Bxe6 Rxf1+ 36. Rxf1 d3 $16) 34... Qf6) 34. d7 $18 Qe5 35. Qxe5 (35. Qf7 $142 {aiming for Rde1.} Qf6 36. Qe8+ Bf8 37. Bxf5) 35... Bxe5 36. Bxf5 Kg7 37. g3 Kf6 38. Kg2 Ke7 39. Rfe1 Kd6 40. Kh3 Rc5 41. Rf1 Kc7 42. Rde1 ({White should try} 42. Kg4 $18) 42... d3 (42... b6 $16 {keeps fighting.} 43. Re2 h5) 43. Rc1 b6 (43... Kb6 $142 44. Rxc5 Kxc5) 44. Rfd1 ({Not} 44. Bxd3 Rxc1 45. Rxc1+ Kxd7 $16) 44... Rf8 $2 {[#]} (44... Rxc1 45. Rxc1+ Kd6) 45. Rxc5+ {White is clearly winning.} bxc5 46. Rxd3 {[%mdl 4096] Endgame KRB-KRB} Kd8 47. g4 h5 48. Rd5 hxg4+ 49. Kxg4 Bd4 50. h3 Rg8+ 51. Kf3 Rf8 52. Ke4 Rf6 53. Bg4 {Accuracy: White = 73%, Black = 35%.} 1-0

[Event "Shanghai COITCT 2019"]
[Site "Shanghai"]
[Date "2019.09.15"]
[Round "3.6"]
[White "Kulkarni Bhakti"]
[Black "Zarubitski, Viachaslau"]
[Result "1/2-1/2"]
[WhiteElo "2429"]
[BlackElo "2435"]
[Annotator "TA"]
[PlyCount "98"]
[EventDate "2019.09.15"]
[EventType "team-tourn"]
[EventCountry "CHN"]
[SourceTitle "playchess.com"]
[Source "ChessBase"]
[SourceQuality "1"]

{[%evp 10,98,0,0,8,17,76,47,70,13,15,0,25,12,42,11,4,12,22,-53,-58,-49,-51,-123,-148,-145,-116,-149,-135,-139,-27,-218,-218,-436,-432,-519,-525,-461,-72,-97,0,0,0,-70,0,-8,78,73,161,32,36,8,9,0,0,0,0,-31,-31,-31,-34,-30,-18,-18,-18,-18,-18,-37,-8,-8,-8,-8,-8,-8,0,0,0,0,8,8,8,8,8,8,8,8,8,8,8,8,8]} 1. d4 d5 2. c4 c6 3. Nf3 Nf6 4. e3 Bf5 5. cxd5 cxd5 6. Nc3 a6 {D12: Slav Defence: 3 Nf3 Nf6 4 e3 Bf5} 7. Ne5 b5 (7... Nc6 $11) 8. Be2 Nbd7 {White is slightly better.} 9. O-O $146 ({Better is} 9. Bd2 $14) ({Predecessor:} 9. g4 Be6 10. f4 g6 11. O-O b4 12. f5 gxf5 13. gxf5 Rg8+ 14. Kh1 Bxf5 15. Rxf5 bxc3 {0-1 (22) Othman,A (2366)-Shirov,A (2715) Dubai 2002}) 9... e6 $11 10. f4 h5 11. Bd2 Bd6 12. Be1 (12. b4 $5) 12... h4 13. Rc1 Rc8 14. b4 ({White should try} 14. a4 $11) 14... Nb6 $1 $15 {[%cal Bd7b6,Bb6c4,Bc4e3][%mdl 32]} (14... Bxb4 $6 15. Nxb5 Be7 16. Na7 $14) 15. a4 Nc4 (15... Bxb4 16. axb5 Ba3 17. Ra1 $16) 16. axb5 (16. Rf3 $15) 16... Nxe3 $17 {[%mdl 64] [#] Double Attack} 17. Qa4 O-O $36 {[%mdl 2048] Black is really pushing.} ({And not} 17... Nxf1 18. bxa6+ Kf8 19. Kxf1 $11) 18. Rf3 axb5 19. Bxb5 Qb6 (19... Nfg4 $17 {White must now prevent ...Bxe5.} 20. h3 Nxe5 21. dxe5 Be7 22. Rxe3 d4 {[%mdl 64] Double Attack}) 20. Nc6 $2 (20. Qa6 $1 $11 {and White has nothing to worry.} Qxa6 21. Bxa6) 20... Nc4 $19 21. Bxh4 $2 (21. Ra1 {was necessary.}) 21... Ne4 22. Nxe4 Bxe4 23. Rh3 {and the idea Ra1 leaves White hopeful.} Rxc6 $2 (23... Ra8 $19 {is more deadly.} 24. Qd1 Qxb5) 24. Bxc6 $17 Qxd4+ (24... Bf5 $17 25. Rf3 Nd2) 25. Bf2 $11 Qb2 26. Re1 (26. Qd1 $11 Nd2 27. b5) 26... Qd2 (26... Bf5 $15 27. Rf3 Nd2) 27. Qd1 Qxf4 (27... Qxd1 $11 {keeps the balance.} 28. Rxd1 Bxb4) 28. Qh5 $16 {[%csl Gh3][%cal Rh5h8]} f6 (28... Qh6 $16) 29. Be8 (29. Ra1 $18) 29... Qh6 $1 $14 30. Qxh6 gxh6 31. Bd7 Kf7 32. Bc5 ({Much weaker is} 32. Rxh6 Bxb4 33. Ra1 Rg8 $17) 32... Rg8 33. g3 Bxc5+ 34. bxc5 Ne5 35. c6 Nf3+ 36. Kf2 {And now c7 would win.} Nxe1 37. c7 Nd3+ 38. Ke2 $1 Ne5 (38... Nc5 {keeps more tension.} 39. c8=Q Rxc8 40. Bxc8 Kg6 41. g4 d4) 39. c8=Q {The position is equal.} Rxc8 40. Bxc8 $11 {[%mdl 4096] Endgame [#] KRB-KBN} h5 $1 {[%mdl 512]} 41. Rh4 (41. Rxh5 Bf3+) 41... Bf3+ 42. Ke3 Bg4 {Hoping for ...d4+!} 43. h3 Ng6 (43... Nc4+ {feels hotter.} 44. Kf2 Bd1 45. Ke1 Bf3 46. Ba6 Nd6) 44. hxg4 Nxh4 45. gxh4 hxg4 {KB-KP} 46. h5 f5 47. h6 d4+ 48. Kxd4 f4 49. Bxe6+ Kg6 {Accuracy: White = 36%, Black = 35%.} 1/2-1/2

[Event "Shanghai COITCT 2019"]
[Site "Shanghai"]
[Date "2019.09.15"]
[Round "3.7"]
[White "Nigmatov, Ortik"]
[Black "Orozbaev, Eldiar"]
[Result "1-0"]
[WhiteElo "2482"]
[BlackElo "1908"]
[Annotator "TA"]
[PlyCount "133"]
[EventDate "2019.09.15"]
[EventType "team-tourn"]
[EventCountry "CHN"]
[SourceTitle "playchess.com"]
[Source "ChessBase"]
[SourceQuality "1"]

{[%evp 14,133,8,11,3,0,49,43,47,51,49,42,86,84,169,149,216,202,253,171,199,193,186,151,245,263,255,232,271,195,211,194,235,240,253,216,212,195,195,194,196,187,198,210,209,207,270,251,277,277,267,259,262,216,214,126,140,140,289,303,306,307,304,279,335,339,343,267,298,313,516,518,514,518,510,511,543,529,575,535,542,516,504,495,572,558,620,609,602,585,589,547,539,511,2141,558,572,565,708,550,734,457,29976,29977,29973,29975,2806,2331,29985,29986,29986,29983,29983,29984,29991,29987,29988,29989,29993,29994,29996,29997]} 1. e4 e6 2. d4 d5 3. Nc3 Nf6 4. e5 Nfd7 5. Nce2 c5 6. c3 Nc6 7. Nf3 Qb6 8. a3 a5 {C11: French: Classical System: 4 e5 and 4 Bg5 dxe4} 9. Nf4 cxd4 10. cxd4 Be7 {White is slightly better.} 11. h4 a4 12. Be2 Na5 $146 ({Predecessor:} 12... h6 13. Kf1 Ndb8 14. g4 Bd7 15. Kg2 Na5 16. g5 Nb3 17. Rb1 hxg5 18. hxg5 Rxh1 19. Qxh1 Nxc1 20. Rxc1 g6 21. Qh8+ Bf8 22. Nxg6 fxg6 23. Bd3 {1-0 (23) Mastrovasilis,D (2586)-Godart,F (2430) Tirana 2018}) 13. Qxa4 Ra7 {[#]} (13... Qb3 $16 {might work better.} 14. Qb5 O-O) 14. Qc2 $1 $18 {[%cal Rc2c8]} Nc6 (14... Qc6 $16 15. Qd1 b5) 15. O-O O-O 16. Be3 Rd8 17. Rac1 Nf8 18. Bd3 f6 (18... Bd7 $16 19. g3 Rc8) 19. exf6 Bxf6 20. Rfd1 Bd7 21. Ng5 Bxg5 22. hxg5 g6 23. Be2 Raa8 24. Bf3 Ne7 {[%cal Bc6e7,Be7f5,Bf5d6,Bd6c4][%mdl 32]} 25. Qc5 Qxc5 26. Rxc5 Nf5 27. Rdc1 Bc6 28. Nd3 Nd7 29. R5c2 Nd6 30. Bg4 Kf7 31. Nb4 Nc4 32. Bf4 e5 33. Nxc6 bxc6 {[#]} 34. Bxd7 ({White should try} 34. dxe5 $1 $18 Ndxe5 35. Be2) 34... Rxd7 $16 35. Bxe5 c5 (35... Rb7 $16 36. Re2 Rxb2 37. Rxb2 Nxb2) 36. Bf6 $18 cxd4 37. Bxd4 Rb7 38. Rd1 Rab8 39. Bf6 Ke6 40. Re1+ Kf7 41. Bc3 Nxb2 $2 (41... Re8 42. Rd1 Nb6) 42. Bxb2 Rxb2 {[%mdl 4096] Endgame KRR-KRR} 43. Rc7+ Kg8 44. Ree7 Ra2 45. Rg7+ Kh8 46. Rxh7+ Kg8 47. Rhg7+ Kh8 48. Rgd7 Rxa3 49. Rxd5 Ra6 50. Rdd7 Rba8 51. Kh2 Rb6 52. f4 Rba6 53. Kh3 Ra1 (53... Rb8 $142 54. Kg4 Kg8) 54. Kg4 (54. Rh7+ $142 Kg8 55. Rhg7+ {[%mdl 64] Double Attack} Kf8 56. Rxg6) 54... Rh1 55. g3 Rh2 56. Re7 Rh1 57. Rc6 Rf8 (57... Rg8 $18 58. Rd6 Rg1) 58. Ree6 Rg1 59. Rxg6 Ra8 60. Rh6+ Kg7 61. Rc7+ {White mates.} Kg8 62. Rd6 Re1 63. Rdd7 Ree8 64. g6 Ra6 65. f5 Raa8 66. f6 Re6 67. Rg7+ {Accuracy: White = 72%, Black = 27%.} 1-0

[Event "Shanghai COITCT 2019"]
[Site "Shanghai"]
[Date "2019.09.15"]
[Round "3.8"]
[White "Zairbek kyzy, Begimai"]
[Black "Kurbonboeva, Sarvinoz"]
[Result "0-1"]
[WhiteElo "1989"]
[BlackElo "2262"]
[Annotator "TA"]
[PlyCount "102"]
[EventDate "2019.09.15"]
[EventType "team-tourn"]
[EventCountry "CHN"]
[SourceTitle "playchess.com"]
[Source "ChessBase"]
[SourceQuality "1"]

{[%evp 16,102,-8,0,70,13,10,0,28,-26,90,79,108,67,103,109,93,34,22,11,38,23,99,106,96,88,85,59,69,-68,-64,-84,0,-107,-102,-103,-98,-95,-89,-88,-87,-90,-82,-79,-81,-93,-96,-102,-65,-66,-57,-51,-47,-47,-24,-261,-220,-299,-295,-746,-740,-29978,-29979,-29979,-29980,-29977,-29981,-29981,-29982,-29982,-29982,-29993,-29987,-29992,-29988,-29988,-29989,-29989,-29987,-29991,-29990,-29990,-29991,-29991,-29990,-29993,-29994,-29994,-29991]} 1. e4 c5 2. d4 cxd4 3. c3 dxc3 4. Nxc3 Nc6 5. Nf3 d6 6. Bc4 e6 7. O-O Nf6 8. Qe2 Be7 9. Rd1 Nd7 {B21: Sicilian: 2 f4 and Morra Gambit} (9... e5 $11) (9... e5 10. Be3 O-O 11. Rac1 Be6 12. b4 Bg4 13. b5 Na5 14. Bd5 Qd7 15. h3 Bh5 16. a4 Rfc8 17. Ba2 b6 18. Nd5 Nxd5 19. Bxd5 Rxc1 20. Bxc1 Rd8 21. Ba3 {½-½ (21) Grigoryev,V (2503)-Voll,A (2556) ICCF email 2011}) 10. Bf4 (10. Nb5 $1 $14) 10... e5 $11 11. Be3 O-O {The position is equal.} 12. Nd5 (12. Bd5 $142) 12... Na5 $146 (12... Nf6 $11) ({Predecessor:} 12... Nf6 13. Nxf6+ Bxf6 14. h3 Be7 15. Rac1 Bd7 16. a3 Kh8 17. Bd5 {½-½ (42) Stachnik,A (1825)-Kowallik,J (1982) Ruhrgebiet 2004}) 13. Rac1 $1 $16 Nf6 14. Nc7 Nxc4 15. Qxc4 (15. Nxa8 Be6 $15) 15... b5 16. Qc6 ({Reject} 16. Nxb5 $6 Bb7 $11) ({White should try} 16. Qe2 $1 $16 Bb7 17. Nxa8 Qxa8 18. Bg5 (18. Qxb5 Bxe4 19. Qe2 Nd5 $14)) 16... Rb8 $14 17. Bxa7 Bd7 18. Qa6 Nxe4 (18... Rc8 $11 19. Bb6 Nxe4) 19. Bxb8 $16 Qxb8 20. Nd5 Bd8 21. Qa3 Be6 22. Nb4 (22. Qb4 $14 f5 23. Nc3) 22... Bb6 {[%mdl 1024] Black has compensation.} 23. Rc2 Bc5 (23... Rc8 $17 24. Re2 Qb7) 24. Qd3 {[#]} (24. Ne1 $11 {keeps the balance.}) 24... Qb7 $1 $17 25. Nd5 f5 26. b4 Nxf2 27. Rxf2 Bxf2+ 28. Kxf2 e4 {[%mdl 64] Double Attack} 29. Qd4 {And now Ng5 would win.} exf3 30. gxf3 Ra8 31. Nc3 d5 32. Re1 Bf7 33. Rg1 {[%csl Gg1][%cal Rd4g7]} g6 $36 {[%mdl 2048] Black is pushing.} 34. h4 Qc7 {Strongly threatening ...Ra3.} 35. f4 $2 (35. h5 $11 {and White has nothing to worry.} Qh2+ {[%mdl 64] Double Attack} 36. Rg2 Qxh5 37. Nxd5 Rxa2+ 38. Kg1 Rxg2+ 39. Kxg2 Qg5+ 40. Kh3) 35... Qe7 36. Kg3 {Now h5 and White clings on.} Ra3 {aiming for ...Qe4.} 37. h5 $2 {[#]} (37. Kf2) 37... Qe4 $1 $19 {[%cal Re4d4]} ({Worse is} 37... Qe2 38. hxg6 Qg4+ 39. Kh2 $11) 38. Qc5 Qd3+ {Black mates.} 39. Kh4 Rxc3 40. Qd6 Qh3+ 41. Kg5 Qxh5+ 42. Kf6 Qh4+ 43. Ke5 Re3+ 44. Kd4 Re4+ 45. Kc5 Qf2+ {[%mdl 64] Double Attack} 46. Kxb5 Qxg1 47. a4 Qf1+ 48. Ka5 Re6 49. Qd8+ Re8 50. Qd6 Ra8+ 51. Kb6 Ra6+ {Accuracy: White = 22%, Black = 42%.} 0-1

[Event "Shanghai COITCT 2019"]
[Site "Shanghai"]
[Date "2019.09.15"]
[Round "3.10"]
[White "Xu, Yinglun"]
[Black "Xu, Zhihang"]
[Result "1-0"]
[WhiteElo "2565"]
[BlackElo "2506"]
[Annotator "TA"]
[PlyCount "91"]
[EventDate "2019.09.15"]
[EventType "team-tourn"]
[EventCountry "CHN"]
[SourceTitle "playchess.com"]
[Source "ChessBase"]
[SourceQuality "1"]

{[%evp 21,91,19,14,9,37,54,65,28,45,50,50,21,22,0,0,0,0,0,0,0,0,0,0,0,0,0,0,0,0,0,19,10,51,0,0,0,94,94,102,97,97,87,112,117,118,47,74,71,89,57,83,74,64,59,88,75,107,110,116,85,160,160,168,159,162,147,746,716,929,891,789,744]} 1. d4 Nf6 2. c4 e6 3. Nf3 b6 4. g3 Ba6 5. Qa4 Bb7 6. Bg2 c5 7. dxc5 bxc5 8. O-O Be7 9. Nc3 O-O 10. Rd1 d6 11. Bf4 Qb6 12. Rab1 {E15: Queen's Indian: 4 g3 sidelines, 4 g3 Ba6 and 4 g3 Bb7 early deviations} Na6 (12... Nbd7 13. b4 Rfb8 14. a3 h6 15. h3 a6 16. Qa5 Qxa5 17. bxa5 Ne8 18. Ne5 Nxe5 19. Bxb7 Nxc4 20. Bxa8 Rxa8 {0-1 (49) Xu,Y (2545)-Jakovenko,D (2732) China 2018}) 13. a3 Rac8 14. Qc2 {White is slightly better.} Rfd8 15. e4 h6 16. h3 {[#]} Nb8 $146 ({Predecessor:} 16... Bc6 17. Be3 Qb7 18. Ne1 Nd7 19. b3 Qa8 {½-½ (27) Fominyh,A (2536)-Shariyazdanov,A (2532) Kolkata 2002}) 17. e5 (17. b4 {looks sharper.} cxb4 18. Rxb4 Qc7 19. Nb5 Bxe4 20. Qb3) 17... dxe5 18. Nxe5 Bxg2 19. Kxg2 Nc6 20. Nxc6 Qxc6+ 21. f3 a6 22. Rxd8+ Rxd8 23. Rd1 Rxd1 24. Qxd1 Qb7 25. b3 Nd7 26. Ne4 Qc6 27. Qd3 ({White should try} 27. g4 $14) 27... f5 $11 28. Nf2 e5 (28... g5 $11 {keeps the balance.} 29. Bd2 Bd6) 29. Bd2 $16 Qe6 {[#]} 30. g4 $1 fxg4 31. hxg4 Kf7 32. Ne4 Nf6 33. Ng3 (33. Nxf6 $16 Bxf6 34. Qe4) 33... Qc6 34. Kf2 Qb7 35. Bc1 Qb8 36. Kg2 Qb7 37. Kf1 Qb8 38. Bb2 Bd6 39. Qe3 Qb7 40. Kf2 Bb8 ({Better is} 40... Qb8) 41. Bxe5 Bxe5 42. Qxe5 Qxb3 43. Nf5 {[#] Threatening mate with Qe7+.} Qc2+ $2 {[%mdl 8192]} (43... Kg8 $16) 44. Kg3 $18 {Intending Qe7+ and mate.White is clearly winning.} Kg8 45. Qe6+ Kh8 46. Qf7 {Accuracy: White = 59%, Black = 42%.} 1-0